Регионална библиотека "Любен Каравелов" - Русе

Приложения на атомната енергия в медицината | Най-важните болести на сърцето (Запис номер 129529)

MARC детайли
000 -Лидер
Контролно поле с фиксирана дължина 01708nam a2200385 c 4500
003 - Код на организацията, давaща контролен номер
Контролно поле BLK
005 - Дата и час на последна редакция
Контролно поле 20220603155413.0
008 - Елементи от данни с фиксирана дължина
fixed length control field 180409b bul|||||r ||||||| ||bul||
010 ## - Наследен системен номер
LC control number KNG00135266000
040 ## - Източник на каталожния запис
Идентификатор на билиотеката - собственик на записа BLK
041 ## - Код за език
Код за езика на текст/звукозапис или на отделно заглавие Български
Код за езика КДБФ Български
080 ## - УДК
Текстов определител УДК Електродиагностика
УДК код - определител по УДК 616-073.7
УДК - код + определител 616-073.7
080 ## - УДК
Текстов определител УДК Вътрешни болести
УДК код - определител по УДК 616.1/.4
УДК - код + определител 616.1/.4
100 1# - Редна дума - Автор
Автор Боздуганов, Атанас Георгиев
Авторска отговорност първи автор
R(LIN) 261275
139 ## - Редно поле
Редна дума Боздуганов, Атанас Георгиев и др.
245 10 - Сведения за заглавието
Заглавие Приложения на атомната енергия в медицината
Подзаглавни данни Беседа
Редно поле (дума) Атанас Георгиев Боздуганов; * Аксидан Д. Минков.
245 10 - Сведения за заглавието
Заглавие Най-важните болести на сърцето
Подзаглавни данни Беседа
Редно поле (дума) Аксидан Минков
257 ## - Страна на издаване
Страна на създаване/издаване България
260 ## - Област на издателските данни
Място на издаване, разпространение и проч. София
Име на издателя, разпространителя и проч. НС ОФ
Година на издаване 1966
300 ## - Физическа характеристика
Страници 40 с.
Размери/Мащаб 22 см
380 ## - Жанр
Жанр Медицина
490 1# - СЕРИИ (Колекции)
Име на серия Библиотека на лектора
№: серия Г. III, кн. 7
490 ## - СЕРИИ (Колекции)
Име на серия Върховен читалищен съвет
9 (RLIN) 475542
500 ## - Общи забележки
Забележка Авт. отбелязани в края на кн. - Изд. на ВЧС. - 5 000 тир.
650 #4 - Допълнително описание по предмет – тема
Основно описание – тема или топоним Радиология
9 (RLIN) 168754
650 #4 - Допълнително описание по предмет – тема
Основно описание – тема или топоним Атомна енергия - в биологията и медицината
9 (RLIN) 316816
653 ## - Ключова дума – ненормативна
Ключова дума медицина
653 ## - Ключова дума – ненормативна
Ключова дума радиология
653 ## - Ключова дума – ненормативна
Ключова дума вътрешни болести
700 1# - Други автори (авторска отговорност)
Лично име Минков, Аксидан Д.
Автороска отговорност (Описва отношението между автора и произведението) *
9 (RLIN) 321757
852 ## - Местоположение
Форматна сигнатура Цб 39792
Фондова буква Хранилище
999 ## - СИСТЕМНИ КОНТРОЛНИ НОМЕРА
Koha biblionumber 129529
Koha biblioitemnumber 129529
942 ## - АРТИКУЛИ
Вид на библиотечния материал Книги
Скрит в OPAC Не
Периодичен библиозапис Да
944 ## - СЪЗДАВАНЕ И РЕДАКЦИЯ на ЗАПИСА
Създаване/Редакция Създаване
Дата на регистрацията/редакция 18.10.2012
Статус, дата на статуса 18.10.2012 - от С1,Р / 18.10.2012
Служител, извършил регистрацията/редакцията Камелия_Данева
944 ## - СЪЗДАВАНЕ И РЕДАКЦИЯ на ЗАПИСА
Създаване/Редакция Редакция
Дата на регистрацията/редакция 2022-06-03
Статус, дата на статуса 2022-06-03
Служител, извършил регистрацията/редакцията СТ
999 ## - СИСТЕМНИ КОНТРОЛНИ НОМЕРА
Koha biblioitemnumber 129529
Наличности
Код за отписване Код за изгубен артикул Източник на класификационната схема Код за повреда Коз за рестрикции Код за отдаване Артикулен № Име на библиотеката - собственик Име на библиотеката, в която се намира в момента Статус (Текущо местоположение) Дата на вписване в системата Местоположение - отдел Цена в лева Инвентарен номер Систематично азбучна сигнатура Баркод Номер на екземпляра Цена в евро Служебна бележка Служебен тип на артикула
  Не е изгубен Universal Decimal Classification Не е повреден без рестрикции ползва се в читалня 210494 Регионална библиотека "Любен Каравелов" Русе Регионална библиотека "Любен Каравелов" Русе Хранилище 1966-01-01 Хранилище 0.08 506/67 Цб 39792 900000098638 1 0.04 N: стар фонд Дата: 01.01.1966 Книги
Изтеглен Не е изгубен   Не е повреден без рестрикции заемане за дома 210495 Регионална библиотека "Любен Каравелов" Русе Регионална библиотека "Любен Каравелов" Русе Заемна - подръчен фонд 1966-01-01 Заемна - подръчен фонд 0.00 1719/67 П 616-073.7/Б 58 1719/67 2 0.00 N: стар фонд Дата: 01.01.1966 Книги
Изтеглен Не е изгубен   Не е повреден без рестрикции заемане за дома 210496 Регионална библиотека "Любен Каравелов" Русе Регионална библиотека "Любен Каравелов" Русе Заемна - подръчен фонд 1966-01-01 Заемна - подръчен фонд 0.00 1720/67 П 616-073.7/Б 58 1720/67 3 0.00 N: стар фонд Дата: 01.01.1966 Книги
Vip Innovations Ltd, Rousse, Bulgaria 2025